| 000 | 00430pab a2200157 454500 | ||
|---|---|---|---|
| 008 | 180718b2006 xxu||||| |||| 00| 0 eng d | ||
| 100 | _aBarro, Robert J. | ||
| 245 | _aRare disasters and asset markets in the 20th century | ||
| 260 | _c2006 | ||
| 300 | _ap.823-66. | ||
| 362 | _aAug | ||
| 650 | _aEconomic recession - 20th century | ||
| 650 | _aEconomic recession | ||
| 773 | _aQuarterly Journal of Economics | ||
| 909 | _a71893 | ||
| 999 |
_c71893 _d71893 |
||